Los poemas del insomnio y otros poemas / (Registro nro. 32434)
[ vista simple ]
| 000 -CABECERA | |
|---|---|
| campo de control de longitud fija | 00606nam a2200193 a 4500 |
| 001 - NÚMERO DE CONTROL | |
| campo de control | 000032943 |
| 005 - FECHA Y HORA DE LA ÚLTIMA TRANSACCIÓN | |
| campo de control | 20240412074256.0 |
| 008 - DATOS DE LONGITUD FIJA--INFORMACIÓN GENERAL | |
| campo de control de longitud fija | 090928t1937 dr 000 p spa d |
| 040 ## - FUENTE DE LA CATALOGACIÓN | |
| Centro catalogador/agencia de origen | DO-SdBNP |
| Lengua de catalogación | spa |
| Centro/agencia transcriptor | BNPHU |
| 082 ## - NÚMERO DE LA CLASIFICACIÓN DECIMAL DEWEY | |
| Número de clasificación | RD861.42 |
| Número de documento/Ítem | G615p |
| 100 1# - ENTRADA PRINCIPAL--NOMBRE DE PERSONA | |
| Nombre de persona | Goico Alix, Juan, |
| Fechas asociadas al nombre | 1833-1918 |
| 9 (RLIN) | 23848 |
| 245 14 - MENCIÓN DE TÍTULO | |
| Título | Los poemas del insomnio y otros poemas / |
| Mención de responsabilidad, etc. | Juan Goico Alix. |
| 260 ## - PUBLICACIÓN, DISTRIBUCIÓN, ETC. | |
| Lugar de publicación, distribución, etc. | Santo Domingo : |
| Nombre del editor, distribuidor, etc. | Cambier, |
| Fecha de publicación, distribución, etc. | 1937. |
| 300 ## - DESCRIPCIÓN FÍSICA | |
| Extensión | 128 p. ; |
| Dimensiones | 22 cm. |
| 590 ## - NOTA LOCAL (RLIN) | |
| Nota local | Inventariado 2018/VM |
| 650 #0 - PUNTO DE ACCESO ADICIONAL DE MATERIA--TÉRMINO DE MATERIA | |
| Término de materia o nombre geográfico como elemento de entrada | Poesía dominicana |
| 9 (RLIN) | 66 |
| 650 #0 - PUNTO DE ACCESO ADICIONAL DE MATERIA--TÉRMINO DE MATERIA | |
| Término de materia o nombre geográfico como elemento de entrada | Literatura dominicana. |
| 9 (RLIN) | 67 |
| 910 ## - DATOS DE OPCIÓN DEL USUARIO (OCLC) | |
| Datos de opción del usuario | Validado. Control de calidad EMS. |
| Estado de retiro | Estado de pérdida | Restricciones de uso | No para préstamo | Código de colección | Localización permanente | Ubicación/localización actual | Ubicación en estantería | Fecha de adquisición | Número de inventario | Total de préstamos | Signatura topográfica completa | Código de barras | Fecha visto por última vez | Precio válido a partir de | Tipo de ítem Koha | Nota pública | Número de copia |
|---|---|---|---|---|---|---|---|---|---|---|---|---|---|---|---|---|---|
| Excluido de préstamo | Raros y valiosos | Patrimonio Dominicano | Patrimonio Dominicano | Depósito | 04.08.2011 | LF1 | RD861.42 G615p | 32943-10 | 25.06.2020 | 25.06.2020 | No se presta | Perteneció a la biblioteca personal de Martínez Boog. Dedicado por el autor. | |||||
| Excluido de préstamo | Raros y valiosos | Patrimonio Dominicano | Patrimonio Dominicano | Depósito | 22.04.2015 | LF1 | RD861.42 G615p | 32943-20 | 25.06.2020 | 25.06.2020 | No se presta | e. 2 | |||||
| Raros y valiosos | Patrimonio Dominicano | Patrimonio Dominicano | Depósito | 15.06.2015 | LF1 | RD861.42 G615p | 32943-30 | 25.06.2020 | 25.06.2020 | Préstamo en sala | e. 3 |
